000 00597nam a22002177a 4500
003 DO-SdBNP
005 20180220143851.0
008 151104b 19--? spa a00| 0 spa d
020 _a9788434895195
040 _aBPMSU
_bspa
_cBPMSU
082 4 _axxxx
_bxxxx
100 1 _aBroseta, Teresa
245 1 0 _a¡Hermanos hasta en la sopa! /
_cTeresa Broseta
260 _aEspaña :
_bS. M.,
_c19--?
300 _a139 p. :
_3il.;
_619 cm.
490 1 _aEl barco de vapor
_v158
830 0 _aEl barco de vapor
_n158
942 _2ddc
_cBK
945 _aInventariado, 2018 / BT
956 _aBTAVAREZ
_b10
_dBPMSU
_h0038
999 _c8543
_d8543